• 首页
  • 本馆介绍
  • 公告通知
  • 最新文献
  • 馆藏检索
  • 电子资源
  • 读者导购
  • 参考咨询
  • 我的图书馆
  • 登录
  • 详细信息显示
  • 放入我的书架
  • 预约/预借图书
  • 作者相关作品
  • 分类相关作品
  • 丛书相关作品
  • 出版社相关作品

书目信息

  • 表格格式
  • 工作单格式
  • 卡片格式
题名:
巴基斯坦
    
 
作者: 杨翠柏 , 刘成琼 编著
分册:  
出版信息: 北京   社会科学文献出版社  2005
页数: 284页
开本: 21cm
丛书名: 列国志
单 册:
中图分类: K353
科图分类:
主题词: 南亚--历史
电子资源:
ISBN: 7-80190-395-1
000 01346nam0 2200397 450
000 01309nam0 2200385 450
000 01291nam0 2200385 450
000 01237nam0 2200361 450
000 01213nam0 2200361 450
000 01159nam0 2200337 450
000 01177nam0 2200325 450
000 01140nam0 2200313 45
001 TS2006039581
005 20070113082633.42
010    @a7-80190-395-1@dCNY24.00
100    @a20060829d2005 em y0chiy0120 ea
101 0  @achi
102    @aCN@b110000
105    @aab z 000yy
200 1  @a巴基斯坦@Aba ji si tan@f杨翠柏,刘成琼编著@FYang Cui Bai, Liu Cheng Qiong Bian Zhu
210    @a北京@c社会科学文献出版社@d2005
215    @a284页@c地图,彩图@d21cm
225 2  @a列国志
300    @a中国社会科学院重大课题 国家“十五”重点出版项目
330    @a本书介绍了巴基斯坦的国土与人民、历史、政治与法律、经济、军事、教育、科技、文体、卫生、新闻出版、外交等情况。
410  0 @12001 @a列国志
510 1  @aPakistan@zeng
606 0  @a南亚@x历史
607    @a巴基斯坦@x概况
690    @aK353@v4
701  0 @a杨翠柏@Ayang cui bo@c(亚洲史)@4编著
701  0 @a刘成琼@Aliu cheng qiong@4编著
801  0 @aCN@b中图数据@c20070113
905    @a10447@dK353@e11
    
    巴基斯坦/杨翠柏,刘成琼编著.-北京:社会科学文献出版社,2005
    284页:地图,彩图;21cm.-(列国志)
    中国社会科学院重大课题 国家“十五”重点出版项目
    
    ISBN 7-80190-395-1:CNY24.00
    本书介绍了巴基斯坦的国土与人民、历史、政治与法律、经济、军事、教育、科技、文体、卫生、新闻出版、外交等情况。
●
相关链接 在E读中查询图书 在五车中查询图书 在当当中查询图书 在豆瓣中查询图书


正题名:巴基斯坦     索取号:K353/11         预约/预借

序号 登录号 条形码 馆藏地/架位号 状态 备注
1 0616697   206166977   第二样本阅览室/ [索取号:K353/11] 在馆    
2 0616698   206166986   第二借阅区/ [索取号:K353/11] 在馆    
3 0616707   206167075   第二借阅区/ [索取号:K353/11] 在馆    
4 0616708   206167084   第二借阅区/ [索取号:K353/11] 在馆    
5 0616709   206167093   第二借阅区/ [索取号:K353/11] 在馆    
唐山师范学院图书馆 欢迎您!
大连网信软件有限公司© 版权所有